Secrets #1 / Robin Jones Gunn.
Available copies
- 1 of 1 copy available at LARL/NWRL Consortium.
- 1 of 1 copy available at Northwest Regional Library. (Show preferred library)
Current holds
0 current holds with 1 total copy.
Show Only Available Copies
| Location | Call Number / Copy Notes | Barcode | Shelving Location | Status | Due Date |
|---|---|---|---|---|---|
| Roseau Public Library | GUN (Text) | 35500004887814 | Main | Available | - |
Record details
- ISBN: 9781601422736 (pbk.)
- ISBN: 9781601423054 (electronic)
- Physical Description: 266 p. : ill. ; 21 cm.
- Publisher: Colorado Springs, Colo. : Multnomah Books, 2010
Search for related items by subject
| Genre: | Christian fiction. Love stories. |
Search for related items by series
| LDR | 00859cam a2200253 a 4500 | ||
|---|---|---|---|
| 001 | 131454 | ||
| 003 | LARL_NWRL_CONSORTIUM | ||
| 005 | 20110412155531.0 | ||
| 008 | 100413r20101995coua 000 1 eng | ||
| 010 | . | ‡a2010292373 | |
| 020 | . | ‡a9781601422736 (pbk.) | |
| 020 | . | ‡a9781601423054 (electronic) | |
| 040 | . | ‡aDLC ‡cDLC ‡dDLC | |
| 049 | . | ‡aNRG | |
| 050 | 0 | 0. | ‡aPS3557.U4866 ‡bS43 2010 |
| 082 | 0 | 0. | ‡a813/.54 ‡222 |
| 100 | 1 | . | ‡aGunn, Robin Jones, ‡d1955- ‡0(LARL_NWRL_CONSORTIUM)82383 |
| 245 | 1 | 0. | ‡aSecrets ‡n#1 / ‡cRobin Jones Gunn. |
| 260 | . | ‡aColorado Springs, Colo. : ‡bMultnomah Books, ‡c2010 | |
| 300 | . | ‡a266 p. : ‡bill. ; ‡c21 cm. | |
| 490 | 0 | . | ‡aGlenbrooke ; ‡v1 |
| 655 | 7. | ‡aChristian fiction. ‡2gsafd | |
| 655 | 7. | ‡aLove stories. ‡2gsafd | |
| 901 | . | ‡a131454 ‡bISxN ‡c131454 ‡tbiblio | |

Add to basket
Permalink
Disable Highlighting